Catálogo
 En Linea

Philosofía secreta de la gentilidad / (Registro nro. 5306)

Detalles MARC
000 -CABECERA
campo de control de longitud fija 00785cam a2200229 a 4500
001 - NÚMERO DE CONTROL
campo de control 000005507
005 - FECHA Y HORA DE LA ÚLTIMA TRANSACCIÓN
campo de control 20200929151708.0
008 - DATOS DE LONGITUD FIJA--INFORMACIÓN GENERAL
campo de control de longitud fija 960423s1995 sp h b 000 0 spa
020 ## - NÚMERO INTERNACIONAL ESTÁNDAR DEL LIBRO
Número Internacional Estándar del Libro 8437613809
040 ## - FUENTE DE LA CATALOGACIÓN
Centro catalogador/agencia de origen DO-SdBNP
Centro/agencia transcriptor CU
Centro/agencia modificador DLC
082 ## - NÚMERO DE LA CLASIFICACIÓN DECIMAL DEWEY
Número de clasificación 292.1
Número de documento/Ítem P438p
100 1# - ENTRADA PRINCIPAL--NOMBRE DE PERSONA
Nombre de persona Pérez de Moya, Juan,
Fechas asociadas al nombre 1513-1596.
9 (RLIN) 15600
245 10 - MENCIÓN DE TÍTULO
Título Philosofía secreta de la gentilidad /
Mención de responsabilidad, etc. Juan Pérez de Moya ; edición de Carlos Clavería.
260 ## - PUBLICACIÓN, DISTRIBUCIÓN, ETC.
Lugar de publicación, distribución, etc. Madrid :
Nombre del editor, distribuidor, etc. Cátedra,
Fecha de publicación, distribución, etc. 1995.
300 ## - DESCRIPCIÓN FÍSICA
Extensión 662 p. :
Otras características físicas facsims. ;
Dimensiones 18 cm.
440 #0 - MENCIÓN DE SERIE/PUNTO DE ACCESO ADICIONAL--TÍTULO
Título Letras hispánicas ;
Designación de volumen o secuencia NO. 404
9 (RLIN) 4208
504 ## - NOTA DE BIBLIOGRAFÍA, ETC.
Nota de bibliografía, etc. Incluye referencias bibliográficas (p. 43-53).
650 #4 - PUNTO DE ACCESO ADICIONAL DE MATERIA--TÉRMINO DE MATERIA
Término de materia o nombre geográfico como elemento de entrada Mitología clásica
9 (RLIN) 15601
700 1# - PUNTO DE ACCESO ADICIONAL--NOMBRE DE PERSONA
Nombre de persona Clavería Laguarda, Carlos,
Término indicativo de función/relación ed.
9 (RLIN) 15602
910 ## - DATOS DE OPCIÓN DEL USUARIO (OCLC)
Datos de opción del usuario Catalogación por copia / LC
910 ## - DATOS DE OPCIÓN DEL USUARIO (OCLC)
Datos de opción del usuario Validada
Existencias
Estado de retiro Estado de pérdida Restricciones de uso No para préstamo Código de colección Localización permanente Ubicación/localización actual Ubicación en estantería Fecha de adquisición Número de inventario Total de préstamos Signatura topográfica completa Código de barras Fecha visto por última vez Precio válido a partir de Tipo de ítem Koha
    Préstamo interno   Monografías: Libros y Folletos General General Depósito 19.08.2009 LF1   292.1 P438p 5507-10 25.06.2020 25.06.2020 Préstamo interno

Con tecnología Koha